Decision-making Process of the Slovak Alternative Dispute Resolution (ADR) Entities in Years 2017–2020

Predstavenie zákona týkajúceho sa alternatívneho riešenia spotrebiteľských sporov (ADR) na Slovensku. Skúmanie rozhodovacieho procesu slovenských subjektov v ADR v rokoch 2017–2020 a jeho porovnanie s podobnými subjektmi v ČR. Vyhodnotenie.

Gespeichert in:
Bibliographische Detailangaben
1. Verfasser: Vačoková, Lenka, 1983-
Format: Buchkapitel
Sprache:Englisch
Schlagworte:
Tags: Tag hinzufügen
Keine Tags, Fügen Sie das erste Tag hinzu!

MARC

LEADER 00000naa$a2200000$$$4500
001 0280846
005 20240502083858.7
041 0 |a eng 
044 |a CZ 
245 1 0 |a Decision-making Process of the Slovak Alternative Dispute Resolution (ADR) Entities in Years 2017–2020  |c Lenka Vačoková 
520 |a Predstavenie zákona týkajúceho sa alternatívneho riešenia spotrebiteľských sporov (ADR) na Slovensku. Skúmanie rozhodovacieho procesu slovenských subjektov v ADR v rokoch 2017–2020 a jeho porovnanie s podobnými subjektmi v ČR. Vyhodnotenie. 
610 2 0 |a spotrebitelia 
610 2 0 |a právo spotrebiteľské 
610 2 0 |a spory súdne 
610 2 0 |a rozhodovanie 
610 2 0 |a porovnanie medzinárodné 
100 1 |a Vačoková, Lenka, 1983-